Sports Quiz

Random Sports or NFL Quiz

NFL's 100 Greatest Players of All Time Quiz Stats

 Plays Quiz not verified by Sporcle

Score 0/100 Timer 15:00
0 Plays Today
Position Player % Correct
QBPeyton Manning
88.9%
QBTom Brady
87.1%
QBJoe Namath
85.2%
WRJerry Rice
85.1%
QBJoe Montana
84.7%
LBLawrence Taylor
84.7%
RBEmmitt Smith
81.7%
DEBruce Smith
81.4%
QBBrett Favre
79.9%
FBJim Brown
79.7%
CBWillie Brown
78.4%
QBDan Marino
78.2%
RBWalter Payton
77.3%
RBBarry Sanders
75.1%
DBDeion Sanders
74.9%
WRRandy Moss
73.1%
QBSteve Young
72.9%
QBJohn Elway
72.9%
DEReggie White
72.3%
LBRay Lewis
72.1%
DTRandy White
71.2%
QBTroy Aikman
69.7%
QBJohnny Unitas
69.4%
RBLaDainian Tomlinson
68.8%
QBTerry Bradshaw
68.5%
QBKurt Warner
65.5%
DEDeacon Jones
62.4%
DBDarrell Green
61.4%
WRMichael Irvin
61.3%
QBBart Starr
61.3%
QBRoger Staubach
60.1%
DBEd Reed
59%
TETony Gonzalez
59%
GLarry Allen
58.5%
Position Player % Correct
RBMarcus Allen
58.3%
LBDick Butkus
57.4%
DEMichael Strahan
56.6%
RBMarshall Faulk
56.5%
QBFran Tarkenton
55.9%
RBEric Dickerson
54.8%
RBO.J Simpson
53.1%
RBEarl Campbell
50.9%
TEMike Ditka
50.4%
RBGale Sayers
50.4%
LBDerrick Brooks
49.8%
DTJoe Greene
49.4%
DBRonnie Lott
47.8%
QBOtto Graham
46.7%
DBRod Woodson
46.5%
TEKellen Winslow
45.8%
LBMike Singletary
45.8%
RBTony Dorsett
44.3%
TAnthony Munoz
42.4%
LBJack Lambert
41.3%
LBJack Ham
37.8%
QBSammy Baugh
37.1%
GBruce Matthews
34.3%
CBNight Train Lane
33%
OLJonathan Ogden
30.8%
DEWillie Davis
29.5%
TEOzzie Newsome
29.5%
WRDon Hutson
29.5%
DBMel Blount
29%
DELee Roy Selmon
27.3%
CMike Webster
26.6%
QBSid Luckman
25.8%
GJohn Hannah
24.5%
DTAlan Page
24.4%
Position Player % Correct
QBNorm Van Brocklin
24%
FLLance Alworth
23.8%
DTMerlin Olsen
23.8%
FBBronko Nagurski
23.8%
GGene Upshaw
23.2%
TArt Shell
22.7%
RBRed Grange
22.7%
LBRay Nitschke
22.7%
ERaymond Berry
20.8%
HBLenny Moore
20.5%
TEJohn Mackey
20.5%
RBJim Thorpe
20.1%
CJim Otto
19.2%
LBTed Hendricks
18.1%
DTBob Lilly
17.7%
LBChuck Bednarik
17.3%
WRPaul Warfield
16.4%
LBSam Huff
16.2%
DBMike Haynes
16.1%
TForrest Gregg
15.5%
HBSteve Van Buren
14.8%
LBWillie Lanier
14.8%
LBBobby Bell
14.2%
WRCrazylegs Hirsch
13.7%
FBMarion Motley
13.5%
DEGino Marchetti
12.7%
DBHerb Adderley
12.2%
TJim Parker
12%
LBJoe Schmidt
10.1%
CMel Hein
9.2%
DBEmlen Tunnell
8.9%
FBErnie Nevers
8.7%

You're not logged in!

Compare scores with friends on all Sporcle quizzes.
OR
Log In

Show Comments

Extras

Top Quizzes Today


Score Distribution

Your Account Isn't Verified!

In order to create a playlist on Sporcle, you need to verify the email address you used during registration. Go to your Sporcle Settings to finish the process.

Report this User

Report this user for behavior that violates our Community Guidelines.

Details: